000 00825cab a2200181 4500
001 L136156
008 070115n2006 000 0 eng u
035 _a(Sirsi) u136156
041 0 _aeng
110 2 _aCampaign to Protect Rural England
_94718
245 0 4 _aThe great landbanking carve-up
_h[electronic resource]
260 _c2006
520 _aDetails of a campaign launched to highlight the damaging effects of landbanking - the sale of small plots of English countryside to investors in the UK and globally. Includes proposals from the Campaign to Protect Rural England to the FSA and the Office of Fair Trading.
651 4 _aEngland
_y886-
690 _aPROPERTY-RURAL AND NATURAL ASSETS-LAND
856 4 0 _uhttps://www.cpre.org.uk/news/view/345
_zView the report free of charge at www.cpre.org.uk...
942 _n0
999 _c78158
_d78158